LEADER 00904nam a2200229 4500 001 000000335915 003 CaOOAMICUS 005 20190809121351.0 008 190809s1783 it 000 u ita r 026 $aa-rj hael 8.o. 5.(1 (3) 1783 (R) 040 $aSeMil$bita 245 00$aTomo 1. 264 1$aIn Pistoja :$bNella stamperia d'Atto Bracali,$c1783. 300 $aVIII, 318, [2] p. ;$c8° 500 $aSegn.: ??, A-V? 752 $aIT$dPistoia 773 0 $tRaccolta di opuscoli interessanti la religione. Tomo 1. [-17.].$dIn Pistoja : Nella stamperia d'Atto Bracali, 1783-1790.$w()335914 850 $aSeMil 852 $aSeMil$W1$xVenegono$y1$m3X IV 1 FA$j215229$B227757$CSeMilBibl$Z2$F227757 $8I 996 $6245$aTomo 1$9(OLS)http://semarc/title/46685 996 $6264$aIn Pistoja :$bNella stamperia d'Atto Bracali$9(OLS)http://semarc/publisher/58463 LEADER 01195nam a2200265 i 4500 001 000000257588 003 CaOOAMICUS 005 20180312000000.0 008 180312s2015 it u000 u ita u 013 $a236496 020 $a978-88-307-2316-0 040 $aSeMil$bita 100 1 $aMatteo, Armando,$d<1970- >.$0(OLS)http://semarc/name/12971 245 10$aInsegnare agli ignoranti :$bimparare è nascere di nuovo /$cArmando Matteo. 260 $aBologna :$bEMI,$c2015. 300 $a61 p. ;$c19 cm. 490 0 $aFare misericordia : le opere di misericordia per un cristianesimo semplice 650 4$aOpere di misericordia.$0(OLS)http://semarc/subject/16174 830 0$aFare misericordia : le opere di misericordia per un cristianesimo semplice.$0(OLS)http://semarc/title/407798 850 $aSeMil 852 $aSeMil$W1$xVenegono$y1$m3F II 908$j207934$B207934$CSeMilBibl$Z2$F222641 $81 961 $aAcquisto: LdS 996 $6020$a978-88-307-2316-0$9(OLS)http://semarc/number/282428 996 $6245$aInsegnare agli ignoranti :$bimparare è nascere di nuovo$9(OLS)http://semarc/title/412939 996 $6260$aBologna :$bEMI$9(OLS)http://semarc/publisher/29618